00354nam a2200145Ia 4500008004100000020001500041041001200056082001100068100001300079245005000092260003300142300000800175650001200183700001300195221030s9999 xx 000 0 und d a8127270087 aEnglish a105.23 aV. Kumar 0aBusiness Communicationcby V. Kumar, Bodh Raj bKalyani PubaNew Delhic2011 a552 aENGLISH aBodh Raj